Normal view
MARC view
- Vicente Vázquez, Constantino
Entry Nombre Personal
001 - NUMERO DE CONTROL
- campo de control: 47698
003 - IDENTIFICADOR DE NUMERO DE CONTROL
- campo de control: UPN
005 - FECHA Y HORA DE LA ÜLTIMA TRANSACCIÓN
- campo de control: 20230131104210.0
008 - DATOS DE LONGITUD FIJA
- campo de control de longitud fija: 230131|||az|nnaaan a a|a d
040 ## - FUENTE DE CATALOGACIÓN
- Agencia original de catalogación: MX-MxUPN
- Lenguaje de catalogación: spa
- Description conventions: rda
100 1# - ENCABEZAMIENTO - NOMBRE PERSONAL
- Nombre personal: Vicente Vázquez, Constantino
400 1# - VEÁSE - NOMBRE DE PERSONA
- Personal name: Vázquez, Constantino Vicente
670 ## - FUENTE EN LA QUE SE LOCALIZARON DATOS
- Cita de la fuente: Xatachiwin tutunaku, 1994:
- Información localizada: página legal (Constantino Vicenta Vázquez)
902 ## - CATALOGADOR
- Catalogador: VAGG/310123
